| 000 | 00517nam a2200193Ia 4500 | ||
|---|---|---|---|
| 005 | 20240924062507.0 | ||
| 008 | 240331s9999 xx 000 0 und d | ||
| 020 | _a9068321633 | ||
| 082 |
_bDAR _a745.5 |
||
| 100 | _aDartel D.V | ||
| 245 | 0 |
_aCollector collected : _bexploring Dutch colonial culture through the study of batik |
|
| 260 |
_aAmsterdam _bKIT publishers _c2005 |
||
| 300 | _a55 p ., | ||
| 650 | _aCultural | ||
| 650 | _aDutch colonial culture | ||
| 650 | _aHistory | ||
| 650 | _aSociety | ||
| 942 | _cL | ||
| 999 |
_c4435 _d4435 |
||